[Event "Rated Blitz tournament wwAh2uwG"]
[Site "?"]
[Date "2021.11.19"]
[Round "?"]
[White "cheesman_css"]
[Black "DS_BBC"]
[Result "1-0"]
[WhiteElo "2543"]
[BlackElo "2418"]
[PlyCount "177"]
[EventDate "2021.??.??"]
[EventType "blitz"]

1. e4 e5 2. Nf3 d5 3. exd5 e4 4. Qe2 Be7 5. Qxe4 Nf6 6. Qe2 O-O 7. d3 Re8 8.
Be3 Nxd5 9. Nbd2 Nc6 10. O-O-O Bf5 11. Kb1 a5 12. Ne4 Be6 13. h4 Qd7 14. Nfg5
Bg4 15. f3 Nxe3 16. Qxe3 Bf5 17. g4 Bxe4 18. fxe4 h6 19. Nf3 Qxg4 20. Bh3 Qg3
21. Rdg1 Qd6 22. Qf2 Bf6 23. Bf5 Nd4 24. Nxd4 Qxd4 25. Qxd4 Bxd4 26. Rg2 Bf6
27. h5 Kf8 28. Rf1 Red8 29. Bg4 Re8 30. Rgf2 Rad8 31. a3 Re5 32. Bf5 c5 33. Rf3
b6 34. c3 Rd6 35. Kc2 Re8 36. a4 Red8 37. Rg1 Be5 38. Rgf1 Ke7 39. Rd1 Bf6 40.
Rg1 Be5 41. Re1 Kf8 42. b3 Rf6 43. Ref1 Rfd6 44. Bg4 Rf6 45. Rxf6 Bxf6 46. Bf5
Ke7 47. Rd1 Be5 48. Rb1 f6 49. Rg1 Rg8 50. Bh7 Rd8 51. Rxg7+ Kd6 52. Bf5 Rh8
53. Rd7+ Kc6 54. Rg7 Kd6 55. Kd2 Kc6 56. Ke3 Kd6 57. d4 Bh2 58. Kd3 cxd4 59.
cxd4 Rd8 60. Kc4 Bf4 61. Kb5 Be3 62. Kc4 Kc6 63. Rf7 Bxd4 64. Be6 Be5 65. Bd5+
Kd6 66. Rb7 Rc8+ 67. Kd3 Kc5 68. Rh7 Rd8 69. Rxh6 Kb4 70. Rh7 Rc8 71. h6 Rc3+
72. Ke2 Rh3 73. Rb7 Rh2+ 74. Kf3 Rxh6 75. Kg4 Kc5 76. Kf5 Rh2 77. Ke6 Kb4 78.
Bc4 Rc2 79. Rd7 Bd4 80. Rd5 Bc5 81. Rd7 Rf2 82. Rd3 Ka3 83. e5 Kb4 84. exf6 Bd4
85. f7 Bf6 86. Kd7 Be7 87. Rd5 Bf8 88. Rb5+ Ka3 89. Kc8 {Time forfeit} 1-0

[Event "Rated Blitz game"]
[Site "?"]
[Date "2021.11.19"]
[Round "?"]
[White "Vahe_S"]
[Black "batasjon"]
[Result "0-1"]
[WhiteElo "2444"]
[BlackElo "2390"]
[PlyCount "21"]
[EventDate "2021.??.??"]
[EventType "blitz"]

1. e4 e5 2. Nf3 d5 3. exd5 e4 4. Qe2 Nf6 5. d3 Qxd5 6. Nc3 Bb4 7. Bd2 Bxc3 8.
Bxc3 O-O 9. dxe4 Nxe4 10. Qd3 Nxc3 11. Be2 {Normal} 0-1

[Event "Rated Blitz game"]
[Site "?"]
[Date "2021.11.19"]
[Round "?"]
[White "Sim_taan_gaaran"]
[Black "Cank876"]
[Result "1-0"]
[WhiteElo "2574"]
[BlackElo "2568"]
[PlyCount "67"]
[EventDate "2021.??.??"]
[EventType "blitz"]

1. e4 e5 2. Nf3 d5 3. d3 dxe4 4. dxe4 Qxd1+ 5. Kxd1 Nc6 6. Nc3 f5 7. Bb5 Bd7 8.
Bxc6 Bxc6 9. Nxe5 O-O-O+ 10. Ke2 Be8 11. exf5 Ne7 12. g4 Nc6 13. Nxc6 Bxc6 14.
f3 Re8+ 15. Ne4 Bc5 16. Rd1 Bxe4 17. fxe4 Rxe4+ 18. Kf3 Rhe8 19. Bg5 h6 20. Bf4
Re2 21. Rd2 Re1 22. Rxe1 Rxe1 23. Re2 Rf1+ 24. Ke4 Kd7 25. Be5 Bf8 26. Rd2+ Kc8
27. Kd5 Kd7 28. Ke4+ Kc8 29. h3 Re1+ 30. Kd5 Kd7 31. Bc3 b5 32. Rf2 c6+ 33. Kd4
Bd6 34. Bxe1 {Time forfeit} 1-0

[Event "Rated Blitz game"]
[Site "?"]
[Date "2021.11.19"]
[Round "?"]
[White "Agostinho_Carrara"]
[Black "Tristan2020"]
[Result "1-0"]
[WhiteElo "2413"]
[BlackElo "2300"]
[PlyCount "77"]
[EventDate "2021.??.??"]
[EventType "blitz"]

1. e4 e5 2. Nf3 d5 3. exd5 e4 4. Qe2 Nf6 5. Nc3 Bb4 6. Nxe4 O-O 7. Nxf6+ Qxf6
8. Qc4 Re8+ 9. Be2 c5 10. O-O Nd7 11. Re1 Rb8 12. c3 Ba5 13. Qh4 Qg6 14. Qg3
Qc2 15. Bb5 Rxe1+ 16. Nxe1 Qe4 17. Nf3 Ra8 18. Qd6 Nf8 19. Qe5 Qc2 20. d4 Bg4
21. Qe2 Qf5 22. dxc5 Qxd5 23. b4 Bc7 24. h3 Bh5 25. Bc4 Qf5 26. Be3 Re8 27. Rd1
Ng6 28. Rd5 Qb1+ 29. Qf1 Qb2 30. Rxh5 Qxc3 31. Qd3 Qc1+ 32. Qf1 Qc3 33. Bd2 Qb2
34. Rd5 Qf6 35. Bb3 Nf4 36. Rd7 Nxh3+ 37. gxh3 Qxf3 38. Qg2 Qxg2+ 39. Kxg2 {
Time forfeit} 1-0

[Event "Rated Blitz game"]
[Site "?"]
[Date "2021.11.19"]
[Round "?"]
[White "saadsarsam"]
[Black "Porgy"]
[Result "0-1"]
[WhiteElo "2502"]
[BlackElo "2369"]
[PlyCount "100"]
[EventDate "2021.??.??"]
[EventType "blitz"]

1. e4 e5 2. Nf3 d5 3. exd5 Bd6 4. d4 e4 5. Ne5 Nf6 6. c4 Nbd7 7. Bf4 O-O 8. Qd2
Re8 9. Nxd7 Bxd7 10. Nc3 e3 11. Bxe3 Ng4 12. O-O-O Qf6 13. Bd3 Nxe3 14. fxe3
Rxe3 15. Rdf1 Bf4 16. Ne2 Rxe2 17. Rxf4 Rxd2 18. Rxf6 Rxd3 19. Rf4 Re8 20. Kc2
Rde3 21. Rhf1 Re2+ 22. Kc3 f6 23. R4f2 R8e3+ 24. Kb4 Rxf2 25. Rxf2 b6 26. b3
a5+ 27. Ka3 Rd3 28. Rf4 Kf7 29. c5 g5 30. Rf3 Rxd4 31. d6 cxd6 32. cxb6 Rb4 33.
Rd3 Rxb6 34. Rd5 Bb5 35. Kb2 Ke6 36. Rd1 d5 37. Re1+ Kf7 38. Rd1 Rd6 39. a4 Be2
40. Rd2 Bg4 41. Kc3 d4+ 42. Rxd4 Rxd4 43. Kxd4 Be6 44. Kc3 f5 45. b4 axb4+ 46.
Kxb4 f4 47. Kc5 g4 48. Kd4 f3 49. gxf3 gxf3 50. Ke3 Bd5 {Normal} 0-1

[Event "Rated Blitz game"]
[Site "?"]
[Date "2021.11.19"]
[Round "?"]
[White "SergiPrats20"]
[Black "ibrahim_karpove2700"]
[Result "1-0"]
[WhiteElo "2470"]
[BlackElo "2300"]
[PlyCount "41"]
[EventDate "2021.??.??"]
[EventType "blitz"]

1. e4 e5 2. Nf3 d5 3. Nxe5 Bd6 4. d4 dxe4 5. Nc4 Be7 6. Be2 Nf6 7. O-O O-O 8.
Bf4 Bf5 9. Ne3 Bg6 10. c4 c6 11. Nc3 Nbd7 12. d5 cxd5 13. Nexd5 Nxd5 14. Nxd5
Bf6 15. Bd6 Nb6 16. Bxf8 Bxb2 17. Bb4 Be5 18. Ne7+ Kh8 19. Qxd8+ Rxd8 20. Nxg6+
fxg6 21. Rad1 {Normal} 1-0

[Event "Rated Blitz tournament wwAh2uwG"]
[Site "?"]
[Date "2021.11.19"]
[Round "?"]
[White "MN_Drauk"]
[Black "DS_BBC"]
[Result "1-0"]
[WhiteElo "2398"]
[BlackElo "2495"]
[PlyCount "45"]
[EventDate "2021.??.??"]
[EventType "blitz"]

1. e4 e5 2. Nf3 d5 3. exd5 e4 4. Qe2 Be7 5. Qxe4 Nf6 6. Qa4+ Nbd7 7. c4 O-O 8.
Nc3 a6 9. d4 b5 10. Qc2 bxc4 11. Bxc4 Nb6 12. Bb3 Nbxd5 13. O-O Bb7 14. Ne5 c5
15. dxc5 Nb4 16. Qf5 Qc7 17. Be3 Nc6 18. Ng4 Nxg4 19. Qxg4 Ne5 20. Qg3 Bf6 21.
Nd5 Bxd5 22. Bxd5 Rad8 23. Be4 {Normal} 1-0

[Event "Rated Blitz game"]
[Site "?"]
[Date "2021.11.19"]
[Round "?"]
[White "Paralax3"]
[Black "blastol"]
[Result "0-1"]
[WhiteElo "2394"]
[BlackElo "2506"]
[PlyCount "58"]
[EventDate "2021.??.??"]
[EventType "blitz"]

1. e4 e5 2. Nf3 d5 3. Nxe5 Bd6 4. d4 dxe4 5. Nc4 h6 6. Be3 Nf6 7. Be2 O-O 8.
Nc3 Nc6 9. a3 a6 10. Nd2 Qe7 11. g4 Nh7 12. h4 f5 13. gxf5 Bxf5 14. Nc4 Nf6 15.
Rg1 Kh7 16. Qd2 b5 17. Nxd6 cxd6 18. O-O-O d5 19. Rg3 Rab8 20. Rdg1 Rg8 21. b4
Rbc8 22. h5 Nxb4 23. Rg6 Rxc3 24. Bxh6 Rxc2+ 25. Qxc2 Nxc2 26. Rxg7+ Rxg7 27.
Rxg7+ Qxg7 28. Bxg7 Kxg7 29. Kxc2 e3+ {Normal} 0-1

[Event "Rated Blitz game"]
[Site "?"]
[Date "2021.11.19"]
[Round "?"]
[White "ramoncmg"]
[Black "Slimslik02"]
[Result "1-0"]
[WhiteElo "2548"]
[BlackElo "2366"]
[PlyCount "47"]
[EventDate "2021.??.??"]
[EventType "blitz"]

1. e4 e5 2. Nf3 d5 3. exd5 e4 4. Qe2 Nf6 5. d3 Bb4+ 6. c3 Bc5 7. dxe4 O-O 8.
Qc4 Qe7 9. Bd3 b5 10. Qb3 Nxe4 11. O-O a6 12. Qc2 f5 13. Nbd2 Re8 14. Nb3 Bb6
15. Nbd4 Bb7 16. c4 g6 17. Ne6 Nd6 18. Bg5 Qf7 19. Ne5 Qxe6 20. dxe6 Rxe6 21.
Rae1 Bd4 22. Nf3 Rxe1 23. Nxd4 Re7 24. Bxe7 {Normal} 1-0

[Event "Rated Blitz game"]
[Site "?"]
[Date "2021.11.19"]
[Round "?"]
[White "limosity"]
[Black "GrandeGila"]
[Result "0-1"]
[WhiteElo "2395"]
[BlackElo "2492"]
[PlyCount "78"]
[EventDate "2021.??.??"]
[EventType "blitz"]

1. e4 e5 2. Nf3 d5 3. Nxe5 Bd6 4. d4 dxe4 5. Nc3 Bxe5 6. dxe5 Qxd1+ 7. Nxd1 Nc6
8. Bf4 Nge7 9. Bb5 Ng6 10. Bg3 Bf5 11. Ne3 Bd7 12. Bxc6 Bxc6 13. O-O-O O-O 14.
Rhe1 Rfe8 15. Nc4 a5 16. e6 Rxe6 17. Bxc7 b5 18. Nxa5 f5 19. Nxc6 Rxc6 20. Rd8+
Rxd8 21. Bxd8 Kf7 22. g3 Ne5 23. Rd1 Ng4 24. Rd5 g6 25. Rxb5 Nxf2 26. Rb7+ Kf8
27. Bb6 Ng4 28. a4 Rc4 29. b3 Rc8 30. a5 e3 31. Bxe3 Nxe3 32. Kd2 Nxc2 33. a6
Ra8 34. a7 Rxa7 35. Rxa7 Nd4 36. Kc3 Nb5+ 37. Kc4 Nxa7 38. Kc5 g5 39. Kb6 f4 {
Time forfeit} 0-1

[Event "Rated Blitz tournament bT8yLHrv"]
[Site "?"]
[Date "2021.11.19"]
[Round "?"]
[White "GMJOEY93"]
[Black "VISHAL99"]
[Result "1-0"]
[WhiteElo "2729"]
[BlackElo "2276"]
[PlyCount "41"]
[EventDate "2021.??.??"]
[EventType "blitz"]

1. e4 e5 2. Nf3 d5 3. d4 exd4 4. exd5 c5 5. c4 Nf6 6. Bd3 Bd6 7. O-O O-O 8. h3
h6 9. Nbd2 Nbd7 10. Re1 Re8 11. Nf1 Rxe1 12. Qxe1 Nf8 13. b4 cxb4 14. Nxd4 b5
15. Nxb5 Bb8 16. Bb2 a6 17. Nd4 N8h7 18. Nc6 Qd7 19. Bf5 Qc7 20. Bxc8 Qxc8 21.
Ne7+ {Normal} 1-0

[Event "Rated Blitz game"]
[Site "?"]
[Date "2021.11.19"]
[Round "?"]
[White "rehbwf"]
[Black "Roberto_Baggio1978"]
[Result "1/2-1/2"]
[WhiteElo "2558"]
[BlackElo "2565"]
[PlyCount "148"]
[EventDate "2021.??.??"]
[EventType "blitz"]

1. e4 e5 2. Nf3 d5 3. d3 dxe4 4. dxe4 Qxd1+ 5. Kxd1 Nf6 6. Bd3 Nc6 7. Bg5 Bc5
8. Ke2 Bg4 9. c3 O-O-O 10. Nbd2 Rd7 11. Bb5 Rhd8 12. Nc4 Bxf3+ 13. gxf3 Bd6 14.
Rad1 a6 15. Bxc6 bxc6 16. Na5 c5 17. Rhg1 Re8 18. Bxf6 gxf6 19. Rg7 f5 20. Rxh7
f6 21. Rxd7 Kxd7 22. Rg1 Rh8 23. Rg7+ Ke6 24. Nc6 fxe4 25. fxe4 f5 26. Rg6+ Kd7
27. Na5 fxe4 28. Rg2 Rh3 29. Nc4 Kc6 30. Ne3 Kb5 31. Nf1 a5 32. Rg4 a4 33. Rxe4
a3 34. bxa3 Rxc3 35. a4+ Kc6 36. Ne3 Ra3 37. h4 Be7 38. h5 Bg5 39. Rxe5 Bxe3
40. fxe3 Rxa2+ 41. Kf3 Rxa4 42. Kg3 c4 43. h6 c3 44. h7 Ra8 45. Rh5 c2 46. Rh1
Kd5 47. Rc1 Rh8 48. Rxc2 Rxh7 49. Ra2 Kc4 50. Kf3 Kb3 51. Ra7 Kb4 52. Ke4 Kb5
53. Kf5 Rh5+ 54. Kg4 Rc5 55. Kf4 Rc1 56. e4 c5 57. e5 Kb6 58. Rd7 Kc6 59. e6
Re1 60. Kf5 c4 61. Rd8 Kc5 62. Kf6 c3 63. e7 Kc4 64. Rc8+ Kd3 65. Rd8+ Kc2 66.
Rd5 Kb3 67. Re5 Rxe5 68. Kxe5 c2 69. e8=Q c1=Q 70. Qb5+ Kc2 71. Qc4+ Kd1 72.
Qf1+ Kc2 73. Qc4+ Kb1 74. Qxc1+ Kxc1 {Normal} 1/2-1/2

[Event "Rated Blitz game"]
[Site "?"]
[Date "2021.11.19"]
[Round "?"]
[White "mandarria"]
[Black "batasjon"]
[Result "1-0"]
[WhiteElo "2428"]
[BlackElo "2381"]
[PlyCount "111"]
[EventDate "2021.??.??"]
[EventType "blitz"]

1. e4 e5 2. Nf3 d5 3. exd5 e4 4. Qe2 Nf6 5. d3 Qxd5 6. Nbd2 Nc6 7. Nxe4 Be6 8.
g3 O-O-O 9. Bg2 Nxe4 10. dxe4 Qc5 11. O-O Bc4 12. Qe1 Bxf1 13. Bxf1 Qxc2 14.
Bf4 Bb4 15. Qe3 Rd1 16. Rxd1 Qxd1 17. Kg2 Rd8 18. Bc4 f6 19. e5 fxe5 20. Nxe5
Nxe5 21. Qxe5 Bd6 22. Qf5+ Kb8 23. Bg5 Rf8 24. Qe4 Qa4 25. Be3 Qb4 26. Qd4 Qa5
27. a3 b6 28. Qxg7 Qe5 29. Qxe5 Bxe5 30. f4 Bxb2 31. a4 c5 32. Kf3 Bd4 33. Bd2
Kc7 34. g4 Kd6 35. f5 Be5 36. h4 h5 37. Bh6 hxg4+ 38. Kxg4 Rh8 39. Bg5 a6 40.
Bxa6 Kd5 41. h5 c4 42. h6 c3 43. Bd3 Ra8 44. Bc2 Kc4 45. Kf3 Rf8 46. h7 Bh8 47.
Kg4 Kd4 48. Kh5 Ke5 49. Kg6 Ra8 50. Bh6 Rxa4 51. Bg7+ Bxg7 52. Bxa4 Bh8 53. Bc2
b5 54. Kf7 b4 55. Kg8 b3 56. Bxb3 {Time forfeit} 1-0

[Event "Rated Blitz game"]
[Site "?"]
[Date "2021.11.19"]
[Round "?"]
[White "sergunFM"]
[Black "Bakiuzumaki"]
[Result "1-0"]
[WhiteElo "2433"]
[BlackElo "2333"]
[PlyCount "67"]
[EventDate "2021.??.??"]
[EventType "blitz"]

1. e4 e5 2. Nf3 d5 3. Nc3 d4 4. Ne2 f6 5. d3 Be6 6. g3 Qd7 7. h3 Nc6 8. Bg2
O-O-O 9. Nh4 Nge7 10. Bd2 g5 11. Nf3 h5 12. Nh2 Bh6 13. Nf1 f5 14. exf5 Nxf5
15. Ng1 Bd5 16. f3 g4 17. hxg4 Bxd2+ 18. Qxd2 hxg4 19. Rxh8 Rxh8 20. O-O-O Qd6
21. fxg4 Ne3 22. Bxd5 Qxd5 23. Nxe3 Qxa2 24. c3 Na5 25. Kc2 dxe3 26. Qxe3 Rh2+
27. Ne2 Qb3+ 28. Kc1 Qa2 29. Qxe5 Nb3+ 30. Kc2 Rxe2+ 31. Qxe2 b6 32. g5 Kb8 33.
Qe8+ Kb7 34. Qe4+ {Time forfeit} 1-0

[Event "Rated Blitz game"]
[Site "?"]
[Date "2021.11.19"]
[Round "?"]
[White "Sonny24delarosa"]
[Black "jeruchess"]
[Result "1-0"]
[WhiteElo "2428"]
[BlackElo "2385"]
[PlyCount "135"]
[EventDate "2021.??.??"]
[EventType "blitz"]

1. e4 e5 2. Nf3 d5 3. exd5 e4 4. Qe2 Nf6 5. c4 c6 6. Ng5 cxd5 7. cxd5 Qxd5 8.
d3 Bb4+ 9. Bd2 Nc6 10. Nxe4 O-O 11. Nxf6+ gxf6 12. Qe4 Be6 13. Qxd5 Bxd5 14.
Nc3 Rfe8+ 15. Kd1 Be6 16. Be3 Rad8 17. Kc2 Bf5 18. a3 Ba5 19. Rd1 Nd4+ 20. Kb1
Nb3 21. h3 Rc8 22. Ne4 Kg7 23. g4 Be6 24. f3 Rc6 25. Be2 Rd8 26. d4 Bd5 27. Bb5
Re6 28. Bd3 Bb6 29. Bc2 Na5 30. Ng3 Nc4 31. Nf5+ Kh8 32. Bh6 Bxf3 33. d5 Ree8
34. Bg7+ Kg8 35. Bxf6 Bxh1 36. Bxd8 Rxd8 37. Rxh1 Nd6 38. Rd1 Bc7 39. Ka2 b5
40. Ne7+ Kf8 41. Nc6 Re8 42. Bxh7 Re2 43. Bd3 Rh2 44. Bf1 Nc4 45. Bxc4 bxc4 46.
d6 Bb6 47. d7 Rxh3 48. d8=Q+ Bxd8 49. Rxd8+ Kg7 50. Rd5 Rg3 51. g5 Kg6 52. Rc5
a6 53. Ne7+ Kg7 54. Nf5+ Kg6 55. Nxg3 f5 56. gxf6 Kxf6 57. Rxc4 Ke6 58. Ra4 Kd5
59. Rxa6 Kc5 60. Ra4 Kb5 61. Rb4+ Ka5 62. Ne4 Ka6 63. Kb3 Ka5 64. Kc4 Ka6 65.
Kc5 Ka7 66. Kc6 Ka8 67. Kc7 Ka7 68. Ra4# {Normal} 1-0

[Event "Rated Blitz game"]
[Site "?"]
[Date "2021.11.19"]
[Round "?"]
[White "MRMANiA"]
[Black "RCompany_1"]
[Result "0-1"]
[WhiteElo "2400"]
[BlackElo "2399"]
[PlyCount "28"]
[EventDate "2021.??.??"]
[EventType "blitz"]

1. e4 e5 2. Nf3 d5 3. exd5 e4 4. Qe2 Nf6 5. d3 Qxd5 6. Nbd2 Nc6 7. dxe4 Qh5 8.
Qb5 Bc5 9. Be2 a6 10. Qc4 Be6 11. Qa4 O-O 12. O-O b5 13. Bxb5 axb5 14. Qxb5
Bxf2+ {Normal} 0-1

[Event "Rated Blitz game"]
[Site "?"]
[Date "2021.11.19"]
[Round "?"]
[White "Schomer"]
[Black "Pepiton61"]
[Result "0-1"]
[WhiteElo "2453"]
[BlackElo "2369"]
[PlyCount "57"]
[EventDate "2021.??.??"]
[EventType "blitz"]

1. e4 e5 2. Nf3 d5 3. Nxe5 Bd6 4. d4 dxe4 5. Nc4 Nc6 6. Nc3 Nf6 7. Bg5 O-O 8.
Be2 Bf5 9. Ne3 Bg6 10. h4 h6 11. h5 Bh7 12. Bh4 Be7 13. d5 Ne5 14. Qd4 Ned7 15.
O-O-O a6 16. g4 Bc5 17. Qd2 Qe8 18. g5 hxg5 19. Bxg5 Qe5 20. Rdg1 Kh8 21. Bg4
Qxg5 22. Bxd7 Qf4 23. Bg4 Rad8 24. Ne2 Qxf2 25. Rg3 Bxe3 26. Rxe3 Nxg4 27. Rg3
e3 28. Qd4 Qxe2 29. Qc3 {Normal} 0-1

[Event "Rated Blitz game"]
[Site "?"]
[Date "2021.11.19"]
[Round "?"]
[White "mecker"]
[Black "Nepsuliini"]
[Result "1-0"]
[WhiteElo "2430"]
[BlackElo "2425"]
[PlyCount "69"]
[EventDate "2021.??.??"]
[EventType "blitz"]

1. e4 e5 2. Nf3 d5 3. d4 dxe4 4. Nxe5 Nd7 5. Nxd7 Bxd7 6. Bc4 Nf6 7. O-O Bd6 8.
h3 O-O 9. Bg5 h6 10. Bh4 b5 11. Bb3 a5 12. a4 b4 13. Nd2 g5 14. Bg3 Bxg3 15.
fxg3 e3 16. Nf3 Ne4 17. Qe1 Re8 18. Kh2 Bc6 19. Ne5 Bd5 20. Bxd5 Qxd5 21. Nxf7
Qxd4 22. Nxh6+ Kh7 23. Nf5 Qxb2 24. Qe2 Nf6 25. Rad1 Qe5 26. Rd3 Kg6 27. Rxe3
Qc5 28. Rxe8 Rxe8 29. Qd3 Ne4 30. Nd4 Qe5 31. Re1 c5 32. Nc6 Qe6 33. Nxa5 Kh6
34. Nc4 Qf5 35. Nd6 {Normal} 1-0

[Event "Rated Blitz game"]
[Site "?"]
[Date "2021.11.19"]
[Round "?"]
[White "dmartres"]
[Black "Drink_678"]
[Result "0-1"]
[WhiteElo "2436"]
[BlackElo "2416"]
[PlyCount "106"]
[EventDate "2021.??.??"]
[EventType "blitz"]

1. e4 e5 2. Nf3 d5 3. Nxe5 Bd6 4. d4 dxe4 5. Nc3 Bxe5 6. dxe5 Qxd1+ 7. Nxd1 Nc6
8. Bf4 Nge7 9. Nc3 Ng6 10. Bg3 Ncxe5 11. Nxe4 Bf5 12. f3 O-O-O 13. Be2 Rhe8 14.
Rd1 Rxd1+ 15. Bxd1 Nc6 16. Kf2 Bxe4 17. fxe4 Rxe4 18. Bf3 Re6 19. Bd5 Rf6+ 20.
Ke2 Nce7 21. Bf3 Re6+ 22. Kd2 Ne5 23. Be2 f5 24. Rf1 g6 25. b3 Nd5 26. a3 Nf6
27. Kc1 Ne4 28. Bf4 Nc3 29. Bd1 Kd7 30. h3 Ke7 31. Bg5+ Kf7 32. Bd2 Ne4 33. Bf4
Nc3 34. Bd2 Nxd1 35. Kxd1 Nd7 36. Bc3 Nc5 37. Bd4 Ne4 38. Bxa7 b6 39. a4 Re8
40. a5 Ra8 41. axb6 cxb6 42. Bxb6 Ra1+ 43. Ke2 Ng3+ 44. Kd3 Rxf1 45. c4 Ne4 46.
Bd4 Ke6 47. b4 Rd1+ 48. Ke3 Nd6 49. Bc5 Nxc4+ 50. Ke2 Rd5 51. Kf2 Ne5 52. g4
fxg4 53. hxg4 Nd3+ {Normal} 0-1

[Event "Rated Blitz game"]
[Site "?"]
[Date "2021.11.19"]
[Round "?"]
[White "Korolenko"]
[Black "alaeldin1212"]
[Result "1-0"]
[WhiteElo "2438"]
[BlackElo "2386"]
[PlyCount "63"]
[EventDate "2021.??.??"]
[EventType "blitz"]

1. e4 e5 2. Nf3 d5 3. Nxe5 Bd6 4. d4 dxe4 5. Nc4 Nf6 6. Be2 O-O 7. O-O Nc6 8.
Ne3 Nxd4 9. Nc3 c6 10. Nc4 Bb4 11. Bg5 Bxc3 12. bxc3 Nxe2+ 13. Qxe2 Bf5 14.
Rfd1 Qe7 15. Nd6 Bg6 16. Bxf6 Qxf6 17. Nxe4 Bxe4 18. Qxe4 Qxc3 19. Rab1 Rfe8
20. Qf5 b6 21. h4 g6 22. Qf4 Qxc2 23. Rbc1 Qxa2 24. Rxc6 Rac8 25. Rxc8 Rxc8 26.
Rd7 a5 27. h5 Qe6 28. Rd6 Qe1+ 29. Kh2 b5 30. h6 Qe7 31. Qd4 b4 32. Qg7# {
Normal} 1-0

[Event "Rated Blitz game"]
[Site "?"]
[Date "2021.11.19"]
[Round "?"]
[White "DEVANSh29"]
[Black "Taabling"]
[Result "1-0"]
[WhiteElo "2365"]
[BlackElo "2540"]
[PlyCount "69"]
[EventDate "2021.??.??"]
[EventType "blitz"]

1. e4 e5 2. Nf3 d5 3. exd5 Bd6 4. d4 e4 5. Ne5 Nf6 6. Nc3 O-O 7. Bg5 Bb4 8. Bc4
h6 9. Bh4 g5 10. Bg3 Nxd5 11. Qh5 Kg7 12. h4 Nxc3 13. Bxf7 Qf6 14. hxg5 Qxg5
15. Bf4 Qxh5 16. Rxh5 Rxf7 17. Bxh6+ Kf6 18. Bg5+ Ke6 19. Rh6+ Kd5 20. Nxf7 Nc6
21. Kd2 Nb5+ 22. c3 Bd6 23. a4 Nbxd4 24. cxd4 Nxd4 25. Nxd6 cxd6 26. Rd1 Bg4
27. f3 exf3 28. Ke3 Re8+ 29. Kf4 f2 30. Kxg4 Re1 31. Rh1 Re4+ 32. Kg3 Kc4 33.
Kxf2 Re2+ 34. Kf1 Rxb2 35. Rh4 {Normal} 1-0

[Event "Rated Blitz game"]
[Site "?"]
[Date "2021.11.19"]
[Round "?"]
[White "Vadimuk"]
[Black "RCompany_1"]
[Result "0-1"]
[WhiteElo "2454"]
[BlackElo "2407"]
[PlyCount "80"]
[EventDate "2021.??.??"]
[EventType "blitz"]

1. e4 e5 2. Nf3 d5 3. Nxe5 Bd6 4. d4 dxe4 5. Be2 Nf6 6. Nc3 O-O 7. Bg5 Nbd7 8.
Nc4 Be7 9. Be3 Bb4 10. Bd2 Re8 11. a3 Bxc3 12. Bxc3 Nd5 13. Qd2 Nxc3 14. Qxc3
Nf6 15. Ne3 c6 16. O-O-O Nd5 17. Qd2 Be6 18. c4 Nf4 19. Bf1 f5 20. g3 Ng6 21.
Kb1 a5 22. d5 cxd5 23. cxd5 Bd7 24. h4 Ne5 25. d6 Kh8 26. Nd5 Ba4 27. Nc7 Bxd1
28. Qxd1 Rc8 29. Nxe8 Qxe8 30. Bh3 Qe6 31. Qd4 Nd3 32. d7 Rd8 33. Qc3 h6 34.
Rf1 Rxd7 35. Qc8+ Kh7 36. Qf8 Rf7 37. Qd8 Qe5 38. Qb6 Rf6 39. Qb3 a4 40. Qc2
Rb6 {Time forfeit} 0-1

[Event "Rated Blitz game"]
[Site "?"]
[Date "2021.11.19"]
[Round "?"]
[White "limosity"]
[Black "GrandeGila"]
[Result "1-0"]
[WhiteElo "2379"]
[BlackElo "2508"]
[PlyCount "155"]
[EventDate "2021.??.??"]
[EventType "blitz"]

1. e4 e5 2. Nf3 d5 3. exd5 e4 4. Nd4 Qxd5 5. Nb3 Bf5 6. Nc3 Qe6 7. Nd4 Qd7 8.
Nxf5 Qxf5 9. Qe2 Nf6 10. f3 Bb4 11. Nxe4 O-O 12. c3 Ba5 13. Qb5 Qxb5 14. Nxf6+
gxf6 15. Bxb5 c6 16. Bc4 Re8+ 17. Kf2 Nd7 18. d4 Bb6 19. Bh6 Ne5 20. Be2 Ng6
21. h4 c5 22. h5 cxd4 23. hxg6 dxc3+ 24. Kf1 fxg6 25. bxc3 Rac8 26. Bd2 Be3 27.
Bxe3 Rxe3 28. c4 Rce8 29. Re1 Ra3 30. c5 Rc3 31. Rh4 Rxc5 32. Bc4+ Kf8 33.
Rxe8+ Kxe8 34. Bb3 h5 35. Re4+ Kf8 36. Re6 Rf5 37. Bc2 Rf4 38. Bxg6 h4 39. Kf2
Kg7 40. Be4 f5 41. Bxb7 Rd4 42. Bc6 Rd2+ 43. Re2 Rd6 44. Ba4 Kf6 45. Bb3 Kg5
46. Rc2 a5 47. Ke3 Rd1 48. Rc6 Rg1 49. f4+ Kh5 50. Kf2 Rb1 51. Rc5 Kg4 52. Rxa5
Kxf4 53. Be6 Rb2+ 54. Kg1 Kg3 55. Ra3+ Kf4 56. Rf3+ Ke5 57. Bb3 f4 58. Kh2 Kf5
59. Kh3 Kg5 60. Rc3 Rd2 61. Rc5+ Kf6 62. Kxh4 Rxg2 63. a4 f3 64. Rc3 f2 65.
Rf3+ Ke5 66. Kh3 Rg6 67. Rxf2 Ke4 68. Bc2+ Ke3 69. Bxg6 Kxf2 70. a5 Ke3 71. a6
Kd4 72. a7 Ke5 73. a8=Q Kf6 74. Qe4 Kg7 75. Qf5 Kh6 76. Be8 Kg7 77. Qf7+ Kh6
78. Qg6# {Normal} 1-0

[Event "Rated Blitz game"]
[Site "?"]
[Date "2021.11.19"]
[Round "?"]
[White "Zeligman"]
[Black "RCompany_1"]
[Result "1-0"]
[WhiteElo "2460"]
[BlackElo "2404"]
[PlyCount "77"]
[EventDate "2021.??.??"]
[EventType "blitz"]

1. e4 e5 2. Nf3 d5 3. exd5 e4 4. Qe2 Nf6 5. d3 Qxd5 6. Nfd2 Nc6 7. Nc3 Qa5 8.
Ndxe4 Be6 9. Bd2 O-O-O 10. O-O-O Bb4 11. Nxf6 gxf6 12. Qe4 Bxa2 13. Nxa2 Bxd2+
14. Rxd2 Qxa2 15. c3 Rhe8 16. Qg4+ Kb8 17. Kc2 Re1 18. Rd1 Rde8 19. Rxe1 Rd8
20. Be2 Na5 21. Qb4 c5 22. Qb5 a6 23. Qb6 Nc6 24. Ra1 Qe6 25. Bf3 Qf5 26. Bxc6
Qxd3+ 27. Kb3 c4+ 28. Kb4 Qd5 29. Bxd5 Rxd5 30. Rad1 Rb5+ 31. Qxb5 axb5 32.
Kxb5 Kc7 33. Rd5 b6 34. Rhd1 f5 35. Rd7+ Kc8 36. Kxb6 f4 37. Kc6 Kb8 38. Ra1
Kc8 39. Ra8# {Normal} 1-0

[Event "Rated Blitz game"]
[Site "?"]
[Date "2021.11.19"]
[Round "?"]
[White "RoyZet"]
[Black "blastol"]
[Result "1-0"]
[WhiteElo "2346"]
[BlackElo "2514"]
[PlyCount "49"]
[EventDate "2021.??.??"]
[EventType "blitz"]

1. e4 e5 2. Nf3 d5 3. exd5 Bd6 4. d4 e4 5. Ne5 Nf6 6. c4 O-O 7. Nc3 Re8 8. Bf4
Nbd7 9. Nxd7 Bxf4 10. Nxf6+ Qxf6 11. g3 e3 12. f3 Qh6 13. gxf4 Qh4+ 14. Ke2
Qf2+ 15. Kd3 Bf5+ 16. Ne4 Re7 17. Be2 Rae8 18. Rg1 Bxe4+ 19. fxe4 Qxf4 20. Rg4
Qxh2 21. Qh1 Qxh1 22. Rxh1 h5 23. Rxh5 g6 24. Rh3 Kg7 25. Rgh4 {Normal} 1-0

[Event "Rated Blitz game"]
[Site "?"]
[Date "2021.11.19"]
[Round "?"]
[White "ArieWerksma"]
[Black "RCompany_1"]
[Result "0-1"]
[WhiteElo "2495"]
[BlackElo "2391"]
[PlyCount "70"]
[EventDate "2021.??.??"]
[EventType "blitz"]

1. e4 e5 2. Nf3 d5 3. exd5 e4 4. Ne5 Qxd5 5. d4 exd3 6. Nxd3 Nc6 7. Nc3 Qa5 8.
Be2 Bf5 9. O-O O-O-O 10. Bd2 Nf6 11. Bf3 Nd4 12. a4 Nxc2 13. Qxc2 Bxd3 14. Qxd3
Rxd3 15. Be3 a6 16. Rfe1 Bd6 17. Be2 Rxe3 18. fxe3 Qe5 19. g3 Qxe3+ 20. Kg2 Qd2
21. Rad1 Qxb2 22. Nb1 Bb4 23. Rf1 Qxe2+ 24. Kh3 Re8 25. Rc1 Qg4+ 26. Kg2 Re2+
27. Rf2 Qe4+ 28. Kf1 Re1+ 29. Rxe1 Qxe1+ 30. Kg2 Qxb1 31. Re2 Bd6 32. Rf2 Bc5
33. Re2 h5 34. Kf3 Qf1+ 35. Rf2 Qxf2# {Normal} 0-1

[Event "Rated Blitz game"]
[Site "?"]
[Date "2021.11.19"]
[Round "?"]
[White "iourique"]
[Black "GrandeGila"]
[Result "1-0"]
[WhiteElo "2498"]
[BlackElo "2500"]
[PlyCount "55"]
[EventDate "2021.??.??"]
[EventType "blitz"]

1. e4 e5 2. Nf3 d5 3. Nc3 dxe4 4. Nxe4 f5 5. Ng3 e4 6. Ng1 Nf6 7. d3 Nc6 8. Bg5
Be7 9. Bxf6 Bxf6 10. dxe4 Bxb2 11. Qxd8+ Nxd8 12. Rb1 Bc3+ 13. Kd1 O-O 14. Bc4+
Kh8 15. N1e2 Ba5 16. Rb5 Nc6 17. Nxf5 a6 18. Rb3 Bxf5 19. exf5 Rxf5 20. f3 Bb6
21. Kc1 Na5 22. Rc3 Nxc4 23. Rxc4 Re8 24. Ng3 Ra5 25. Kb2 Rd8 26. Re1 Bd4+ 27.
Rxd4 Rxd4 28. Re8# {Normal} 1-0